| 000 | 00748nas a2200241Ia 4500 | ||
|---|---|---|---|
| 001 | R002/F4685 | ||
| 003 | IT-RoPAU | ||
| 008 | 151124c99999999xx |||||||||||| ||und|| | ||
| 040 | _aIT-RoPAU | ||
| 040 | _cIT-RoPAU | ||
| 041 | _aITALIANO | ||
| 100 |
_aCodelli Lorenzo _gCodice Aut. SPICS: 20375 |
||
| 210 | _aBIANCO E NERO | ||
| 222 | _aBianco E Nero | ||
| 245 |
_aBIANCO & NERO, ANNO 58-N.3 (LUGLIO/SETTEMBRE 1997) _bSulle Piste Del West |
||
| 250 | _a1a ed. | ||
| 260 |
_aMILANO _bIL CASTORO _c1997 |
||
| 501 |
_bPaulus - SPICS - Società San Paolo EM (non-commercial uses only) _cCopyright2015 |
||
| 300 | _a5 p. [9-13] | ||
| 362 | _aANNO 058, N.03 (LUGLIO/SETTEMBRE 1997) | ||
| 650 |
_aCINEMA _vPUBBLICAZIONE PERIODICA |
||
| 942 | _cCR | ||
| 999 |
_c174672 _d174672 |
||